Biggest Cities in Massachusetts in 1950 - Statistics

General Stats
  • This quiz has been taken 79 times
    67 since last reset
  • The average score is 15 of 20
Answer Stats
Population County Answer % Correct
801,444 Suffolk Boston
100%
120,740 Middlesex Cambridge
98%
203,486 Worcester Worcester
98%
97,249 Middlesex Lowell
96%
111,963 Bristol Fall River
94%
162,399 Hampden Springfield
94%
109,189 Bristol New Bedford
92%
99,738 Essex Lynn
88%
62,860 Plymouth Brockton
84%
83,835 Norfolk Quincy
80%
80,536 Essex Lawrence
76%
53,348 Berkshire Pittsfield
68%
102,351 Middlesex Somerville
66%
54,661 Hampden Holyoke
62%
81,994 Middlesex Newton
58%
49,211 Hampden Chicopee
52%
47,280 Essex Haverhill
50%
59,804 Middlesex Malden
48%
47,187 Middlesex Waltham
48%
66,113 Middlesex Medford
38%
No matching quizzes found
Score Distribution
Percent of People with Each Score
Percentile by Number Answered
Your Score History
You have not taken this quiz since the last reset